000 00286nam a2200109Ia 4500
008 220216s9999 xx 000 0 und d
245 0 _aHistory of the synthetic rubber program in general- USA
260 _bPlanter
_c1956
300 _a597-602
650 _aSynthetic rubber
942 _cJS
999 _c60467
_d60467